| 000 | 00752pam a2200241 a 4500 | ||
|---|---|---|---|
| 999 |
_c1185 _d1185 |
||
| 001 | 4502382 | ||
| 003 | OSt | ||
| 005 | 20220808084428.0 | ||
| 008 | 081021s2009 xnaa 001 0 eng | ||
| 020 | _a9781921569050 (hbk.) | ||
| 037 | _bReader's Digest, 80 Bay St, Ultimo NSW 2007 | ||
| 040 |
_aANL _beng _dANL _cKH8 |
||
| 042 | _aanuc | ||
| 082 | 0 | 4 |
_a613.2 FOO _222 |
| 245 | 0 | 0 |
_aFood cures : _bbreakthrough nutritional prescriptions for everything from colds to cancer. |
| 260 |
_aUltimo, N.S.W. : _bReader's Digest (Australi), _c2009. |
||
| 300 |
_a351 p. : _bcol. ill. ; _c27 cm. |
||
| 500 | _aIncludes index. | ||
| 650 | 0 |
_aNutrition _vPopular works. |
|
| 650 | 0 |
_aDiet therapy _vPopular works. |
|
| 710 | _aReader's Digest | ||
| 942 |
_2ddc _cNFIC |
||